Euroopan maantiedettä kirjaimittain - R - Statistics

Yleistilastot
  • Tätä visaa on pelattu 1 154 kertaa
  • Keskiarvotulos 13 / 20
Vastaustilastot
Vihje Vastaus % Oikein
Suomen läntinen rajanaapuri Ruotsi
99%
Latvian pääkaupunki Riika
98%
Lapin suurin kaupunki Rovaniemi
97%
Välimereltä Englannin kanaaliin yltävä valtio Ranska
95%
"Ikuinen kaupunki" Rooma
95%
Valtio Bulgarian pohjoispuolella Romania
94%
Maailman pohjoisin pääkaupunki Reykjavík
91%
Alankomaiden kaupunki, jossa sijaitsee Euroopan vilkkain satama Rotterdam
81%
Sveitsistä Saksan läpi virtaava joki, joka laskee mereen yllä olevassa kaupungissa Rein
79%
Eläinpuistostaan tunnettu Lapin kunta Ranua
78%
Antiikin aikaisesta kolossistaan tunnettu Kreikan saari Ródos
71%
Joissakin valtioissa suositulle urheilulajille nimen antanut kaupunki Englannissa Rugby
55%
Duisburgin, Dortmundin ja Essenin sisältävä laaja kaupunkialue {Ruhrin} alue
52%
Rannikkoalue Ligurianmerellä yllä olevassa valtiossa, Monacossa ja Italiassa Riviera
50%
Itämeren rannalla sijaitseva Saksan kaupunki, joka on Mecklenburg–Etu-Pommerin suurin kaupunki Rostock
29%
Genevenjärvestä Välimereen virtaava joki Rhône
23%
Bretagnen alueen pääkaupunki Rennes
20%
Wienin keskustaa ympäröivä kehätie {Ring}straße
20%
Jeanne d’Arc poltettiin roviolla tässä kaupungissa, jonka katedraalin Monet maalasi Rouen
17%
Kroatian kolmenneksi suurin kaupunki Rijeka
15%
Ehtoja vastaavia visoja ei löytynyt
Tulosjakauma
Jokaisen tuloksen saaneiden osuus
Persentiili vastausten määrän mukaan
Tuloshistoriasi
Et ole pelannut tätä visaa